[Event "RUS-chT U20"]
[Site "Kolomna"]
[Date "2014.08.04"]
[Round "3"]
[White "Bykov, Oleg1"]
[Black "Maksimets, Dmitry"]
[Result "1-0"]
[WhiteElo "1916"]
[BlackElo "1598"]
[PlyCount "61"]
[EventDate "2014.08.02"]
[EventType "swiss"]
[EventRounds "9"]
[EventCountry "RUS"]
[SourceTitle "EXT 2016"]
[Source "ChessBase"]
[SourceDate "2015.10.08"]
[SourceVersion "1"]
[SourceVersionDate "2015.10.08"]
[SourceQuality "1"]

1. d4 d5 2. c4 c6 3. Nf3 Nf6 4. Nc3 Bf5 5. cxd5 Nxd5 6. e3 e6 7. Be2 Bb4 8. Bd2 Qa5 9. e4 Nxc3 10. bxc3 Bxc3 11. exf5 Bxd2+ 12. Qxd2 Qxd2+ 13. Kxd2 exf5 14. Rab1 b5 15. Ne5 f6 16. Nd3 a5 17. Rhc1 Ke7 18. Bf3 Kd6 19. Rxb5 cxb5 20. Bxa8 Re8 21. Bf3 g5 22. Rc5 g4 23. Be2 Nc6 24. d5 Nd4 25. Bd1 h5 26. Kc3 Ne2+ 27. Bxe2 Rxe2 28. Rc6+ Kxd5 29. Nf4+ Kxc6 30. Nxe2 Kc5 31. Ng3 1-0

[Event "RUS-chT U20"]
[Site "Kolomna"]
[Date "2014.08.02"]
[Round "1"]
[White "Smirnov, Timofey"]
[Black "Maksimets, Dmitry"]
[Result "1-0"]
[WhiteElo "2138"]
[BlackElo "1598"]
[PlyCount "91"]
[EventDate "2014.08.02"]
[EventType "swiss"]
[EventRounds "9"]
[EventCountry "RUS"]
[SourceTitle "EXT 2016"]
[Source "ChessBase"]
[SourceDate "2015.10.08"]
[SourceVersion "1"]
[SourceVersionDate "2015.10.08"]
[SourceQuality "1"]

1. e4 e5 2. Nf3 Nc6 3. Bb5 d6 4. d4 Bd7 5. Nc3 a6 6. Bxc6 Bxc6 7. dxe5 dxe5 8. Qxd8+ Rxd8 9. Nxe5 Bd7 10. Nxd7 Rxd7 11. Bd2 Nf6 12. f3 Bc5 13. 0-0-0 0-0 14. Bg5 Rfd8 15. Bxf6 gxf6 16. Rxd7 Rxd7 17. Rd1 Be3+ 18. Kb1 Rxd1+ 19. Nxd1 Bf4 20. g3 Bd6 21. Ne3 c6 22. Nf5 Bc5 23. c3 h5 24. Kc2 Kh7 25. b4 Bg1 26. h4 b6 27. Kd3 c5 28. Ke2 cxb4 29. cxb4 b5 30. Ne3 Kg6 31. Nd5 Ba7 32. g4 hxg4 33. fxg4 Bb8 34. Ne7+ Kg7 35. Kd3 Be5 36. Nc6 Bg3 37. h5 Bc7 38. Kd4 Kh6 39. Ne7 Be5+ 40. Kc5 Bc3 41. Nf5+ Kg5 42. h6 Kg6 43. Kb6 Bxb4 44. Kxa6 Bf8 45. Kxb5 Kh7 46. a4 1-0

[Event "Kolomna-ch U14"]
[Site "Kolomna"]
[Date "2011.12.12"]
[Round "10"]
[White "Maksimets, Dmitry"]
[Black "Doronin, Andrey"]
[Result "0-1"]
[WhiteElo "1746"]
[BlackElo "1643"]
[PlyCount "114"]
[EventDate "2011.11.30"]
[EventType "tourn"]
[EventRounds "14"]
[EventCountry "RUS"]
[SourceTitle "EXT 2022"]
[Source "ChessBase"]
[SourceDate "2021.10.06"]
[SourceVersion "1"]
[SourceVersionDate "2021.10.06"]
[SourceQuality "1"]

1. e4 c6 2. Nf3 e6 3. Nc3 d5 4. exd5 cxd5 5. Bb5+ Bd7 6. Qe2 Nf6 7. Ne5 Nc6 8. Nxd7 Qxd7 9. d4 Bb4 10. Bd2 a6 11. Bxc6 Qxc6 12. Qe5 Bxc3 13. Bxc3 Rg8 14. f3 Nd7 15. Qf4 Nb6 16. Rb1 Na4 17. Qd2 Rc8 18. Kd1 Qc4 19. a3 Qa2 20. Kc1 Nxc3 21. bxc3 Qxa3+ 22. Kd1 b5 23. Rb3 Qa1+ 24. Qc1 Qxc1+ 25. Kxc1 Kd7 26. Kd2 Rc6 27. Ra1 Rb8 28. Rba3 Ra8 29. f4 Kc7 30. g4 g6 31. Re1 Kb7 32. f5 Re8 33. Rf1 exf5 34. gxf5 Rf6 35. c4 dxc4 36. Raf3 Rxf5 37. Rxf5 gxf5 38. Rxf5 Re7 39. Rh5 f6 40. Rh6 Rf7 41. Kc3 f5 42. Kb4 f4 43. Re6 f3 44. Re1 Rf6 45. Rf1 f2 46. Kc3 a5 47. d5 Kc7 48. Kd4 Kd6 49. h3 a4 50. Kc3 Kxd5 51. Kb4 Kc6 52. h4 Rf3 53. c3 Kb6 54. h5 h6 55. Ra1 f1Q 56. Rc1 Rxc3 57. Rxf1 Rb3# 0-1

[Event "Kolomna-ch U14"]
[Site "Kolomna"]
[Date "2011.12.09"]
[Round "7"]
[White "Spiridonov, Evgeny"]
[Black "Maksimets, Dmitry"]
[Result "1-0"]
[WhiteElo "1865"]
[BlackElo "1746"]
[PlyCount "63"]
[EventDate "2011.11.30"]
[EventType "tourn"]
[EventRounds "14"]
[EventCountry "RUS"]
[SourceTitle "EXT 2022"]
[Source "ChessBase"]
[SourceDate "2021.10.06"]
[SourceVersion "1"]
[SourceVersionDate "2021.10.06"]
[SourceQuality "1"]

1. Nf3 d5 2. c4 Nf6 3. b3 Nc6 4. Bb2 d4 5. d3 e5 6. Nbd2 Bg4 7. g3 Bxf3 8. Nxf3 Bb4+ 9. Nd2 e4 10. a3 Bxd2+ 11. Qxd2 0-0 12. Bg2 Re8 13. 0-0 Qe7 14. Rfe1 Rad8 15. b4 e3 16. fxe3 Qxe3+ 17. Qxe3 Rxe3 18. Bf3 Rd7 19. Kf2 Re8 20. h3 Nd8 21. a4 b6 22. Ba3 Re5 23. b5 c5 24. bxc6 Rc7 25. Bd6 Ree7 26. Bxe7 Rxe7 27. a5 bxa5 28. Rxa5 g6 29. Rea1 Kg7 30. Rxa7 Rxa7 31. Rxa7 Nxc6 32. Ra6 1-0

[Event "Kolomna-ch U14"]
[Site "Kolomna"]
[Date "2010.12.11"]
[Round "11"]
[White "Maksimets, Dmitry"]
[Black "Soza, Mikhail"]
[Result "0-1"]
[WhiteElo "1728"]
[BlackElo "1761"]
[PlyCount "106"]
[EventDate "2010.12.01"]
[EventType "tourn"]
[EventRounds "11"]
[EventCountry "RUS"]
[SourceTitle "EXT 2022"]
[Source "ChessBase"]
[SourceDate "2021.10.06"]
[SourceVersion "1"]
[SourceVersionDate "2021.10.06"]
[SourceQuality "1"]

1. e4 d6 2. Nc3 g6 3. Nf3 Bg7 4. d4 Nf6 5. h3 0-0 6. Be3 Nbd7 7. Bd3 Re8 8. 0-0 e5 9. d5 Nb6 10. Re1 Bd7 11. Nh2 Qc8 12. f3 Nh5 13. Qd2 f5 14. Bf2 Nf4 15. Bf1 Bh6 16. Be3 fxe4 17. fxe4 Rf8 18. Rec1 Rf7 19. g3 Nxh3+ 20. Bxh3 Bxe3+ 21. Qxe3 Bxh3 22. Qg5 Qf8 23. g4 Rf4 24. Qh4 Bxg4 25. Nxg4 h5 26. Nf6+ Qxf6 27. Qxf6 Rxf6 28. Rf1 Kg7 29. Kh2 a6 30. b3 Raf8 31. Rg1 Rf2+ 32. Rg2 Nd7 33. Kg3 R8f3+ 34. Kh2 Rxg2+ 35. Kxg2 Rxc3 36. Rc1 Nc5 37. Kf1 Nxe4 38. Ke1 h4 39. Ke2 g5 40. Kf1 Kg6 41. Kg2 g4 42. a3 h3+ 43. Kh1 g3 44. b4 Nf2+ 45. Kg1 h2+ 46. Kg2 h1Q+ 47. Rxh1 Nxh1 48. Kxh1 Rxc2 49. b5 axb5 50. a4 bxa4 51. Kg1 a3 52. Kf1 a2 53. Ke1 a1R# 0-1

[Event "Kolomna-ch U14"]
[Site "Kolomna"]
[Date "2010.12.09"]
[Round "9"]
[White "Maksimets, Dmitry"]
[Black "Kozlov, Aleksei"]
[Result "0-1"]
[WhiteElo "1728"]
[BlackElo "1865"]
[PlyCount "66"]
[EventDate "2010.12.01"]
[EventType "tourn"]
[EventRounds "11"]
[EventCountry "RUS"]
[SourceTitle "EXT 2022"]
[Source "ChessBase"]
[SourceDate "2021.10.06"]
[SourceVersion "1"]
[SourceVersionDate "2021.10.06"]
[SourceQuality "1"]

1. e4 e6 2. Nc3 c5 3. Nf3 Nc6 4. Bc4 Nf6 5. 0-0 d5 6. exd5 exd5 7. Be2 d4 8. Na4 a6 9. b3 b5 10. Nb2 Bd6 11. Re1 0-0 12. d3 Qc7 13. Bd2 Bb7 14. Bg5 Nd5 15. Qd2 f6 16. Bh4 Bf4 17. Qd1 Nc3 18. Qc1 Bxc1 19. Raxc1 Nxa2 20. Ra1 Nc3 21. Bf1 Nb4 22. Rec1 Bxf3 23. gxf3 Qf4 24. Bg3 Qg5 25. f4 Qh5 26. Bg2 Rad8 27. f3 Ne2+ 28. Kf2 Nxc1 29. Rxc1 Rfe8 30. h4 Qf7 31. Bh3 Qe7 32. Bf1 Qe3+ 33. Kg2 Qxc1 0-1

[Event "Kolomna-ch U14"]
[Site "Kolomna"]
[Date "2010.12.02"]
[Round "2"]
[White "Maksimets, Dmitry"]
[Black "Spiridonov, Evgeny"]
[Result "0-1"]
[WhiteElo "1728"]
[BlackElo "1896"]
[PlyCount "116"]
[EventDate "2010.12.01"]
[EventType "tourn"]
[EventRounds "11"]
[EventCountry "RUS"]
[SourceTitle "EXT 2022"]
[Source "ChessBase"]
[SourceDate "2021.10.06"]
[SourceVersion "1"]
[SourceVersionDate "2021.10.06"]
[SourceQuality "1"]

1. e4 d5 2. f3 e6 3. d4 Nc6 4. e5 Be7 5. Be3 b6 6. Bb5 Bb7 7. Qd3 a6 8. Ba4 b5 9. Bb3 Na5 10. a3 Rc8 11. Nd2 c5 12. Ba2 Nc4 13. Nxc4 dxc4 14. Qc3 cxd4 15. Qxd4 Qxd4 16. Bxd4 Bc5 17. c3 Ne7 18. b4 cxb3 19. Bxb3 Nf5 20. Ne2 Ke7 21. a4 bxa4 22. Rxa4 Rhd8 23. Kd2 Bxd4 24. cxd4 Rc7 25. Rc1 Rxc1 26. Kxc1 Ne3 27. Nf4 g5 28. Nh3 h6 29. Rb4 Bc6 30. Rb6 Bb5 31. Rb7+ Kf8 32. g3 Rxd4 33. f4 gxf4 34. Nxf4 Ng4 35. Bxe6 Nxe5 36. Bxf7 Rd7 37. Rxd7 Nxd7 38. Bb3 Nc5 39. Bc2 Kg7 40. Kb2 Kf6 41. Kc3 Ke5 42. Nh3 a5 43. Kd2 Kd4 44. Nf2 Bd7 45. Kc1 Ke3 46. Nd1+ Kf3 47. Kb2 Kg2 48. Ne3+ Kxh2 49. Nf5 Bxf5 50. Bxf5 Kxg3 51. Bg6 Kg4 52. Kc3 h5 53. Be8 a4 54. Kb4 h4 55. Kxc5 a3 56. Bf7 h3 57. Kb4 h2 58. Bd5 a2 0-1